Mental Health of Mental Health Professionals (Record no. 38472)

MARC details
000 -LEADER
fixed length control field 00482nam a2200133 4500
082 ## - DEWEY DECIMAL CLASSIFICATION NUMBER
Classification number RP.0367
100 ## - MAIN ENTRY--AUTHOR NAME
Personal name Poornima, M. Nithya
Affiliation Sampurna Montfort College
Place Bangalore
245 ## - TITLE STATEMENT
Title Mental Health of Mental Health Professionals
Statement of responsibility, etc / M. Nithya Poornima
260 ## - PUBLICATION, DISTRIBUTION, ETC. (IMPRINT)
Place of publication Bangalore:
Name of publisher/Sponsor Sampurna Montfort College,
Year of publication 2015
300 ## - PHYSICAL DESCRIPTION
Number of Pages X, 189p.
536 ## - FUNDING INFORMATION NOTE
Funding Agency Indian Council of Social Science Research (ICSSR)
650 ## - SUBJECT ADDED ENTRY--TOPICAL TERM
Topical Term Mental Health
Form subdivision Psychology
-- Neurology
General subdivision Medical Science
942 ## - ADDED ENTRY ELEMENTS (KOHA)
Source of classification or shelving scheme Dewey Decimal Classification
Koha item type Research Reports
Holdings
Withdrawn status Lost status Damaged status Not for loan Collection code Home library Current library Date acquired Source of acquisition Full call number Accession Number Price effective from Koha item type
      Not For Loan Major Research Project Reports NASSDOC Library NASSDOC Library 19/06/2023 Major Research Report Division RP.0367 53702 19/06/2023 Research Reports